000 00447nam a2200181Ia 4500
003 GCL
008 140319s9999 xx 000 0 eng d
040 _aGCL /
_cGCL
082 0 4 _a921.4
_bBM
100 1 _aBOUTAUDOU, CHRISTIANE
245 1 0 _aMONTAIGE /
_cBOUTAUDOU, CHRISTIANE
260 _a[S.N] :
_bLE LIVRE DE POCHE ،
_c1984
300 _a384
650 0 4 _aPHILOSOPHY
650 0 4 _aPHILOSOPHERS
650 0 4 _aMONTAIGNE
942 _2ddc
_cBK
999 _c25323
_d25323